<?xml version="1.0" encoding="UTF-8"?><?xml-stylesheet type="text/xsl" href="static/style.xsl"?><OAI-PMH xmlns="http://www.openarchives.org/OAI/2.0/" xmlns:xsi="http://www.w3.org/2001/XMLSchema-instance" xsi:schemaLocation="http://www.openarchives.org/OAI/2.0/ http://www.openarchives.org/OAI/2.0/OAI-PMH.xsd"><responseDate>2026-04-13T06:54:39Z</responseDate><request verb="GetRecord" identifier="oai:www.recercat.cat:2445/161265" metadataPrefix="marc">https://recercat.cat/oai/request</request><GetRecord><record><header><identifier>oai:recercat.cat:2445/161265</identifier><datestamp>2025-12-05T17:05:36Z</datestamp><setSpec>com_2072_1057</setSpec><setSpec>col_2072_478804</setSpec><setSpec>col_2072_478917</setSpec></header><metadata><record xmlns="http://www.loc.gov/MARC21/slim" xmlns:dcterms="http://purl.org/dc/terms/" xmlns:xsi="http://www.w3.org/2001/XMLSchema-instance" xmlns:doc="http://www.lyncode.com/xoai" xsi:schemaLocation="http://www.loc.gov/MARC21/slim http://www.loc.gov/standards/marcxml/schema/MARC21slim.xsd">
   <leader>00925njm 22002777a 4500</leader>
   <datafield ind2=" " ind1=" " tag="042">
      <subfield code="a">dc</subfield>
   </datafield>
   <datafield ind2=" " ind1=" " tag="720">
      <subfield code="a">Gratacós Torrà, Òscar</subfield>
      <subfield code="e">author</subfield>
   </datafield>
   <datafield ind2=" " ind1=" " tag="720">
      <subfield code="a">Carmona Bardella, Ana</subfield>
      <subfield code="e">author</subfield>
   </datafield>
   <datafield ind2=" " ind1=" " tag="720">
      <subfield code="a">Clavera-Gispert, Roger</subfield>
      <subfield code="e">author</subfield>
   </datafield>
   <datafield ind2=" " ind1=" " tag="720">
      <subfield code="a">Muñoz, Josep Anton</subfield>
      <subfield code="e">author</subfield>
   </datafield>
   <datafield ind2=" " ind1=" " tag="720">
      <subfield code="a">Hardy, Stuart</subfield>
      <subfield code="e">author</subfield>
   </datafield>
   <datafield ind2=" " ind1=" " tag="260">
      <subfield code="c">2020-05-19T10:33:48Z</subfield>
   </datafield>
   <datafield ind2=" " ind1=" " tag="260">
      <subfield code="c">2020-05-19T10:33:48Z</subfield>
   </datafield>
   <datafield ind2=" " ind1=" " tag="260">
      <subfield code="c">2016</subfield>
   </datafield>
   <datafield ind2=" " ind1=" " tag="260">
      <subfield code="c">2020-05-19T10:33:49Z</subfield>
   </datafield>
   <datafield ind2=" " ind1=" " tag="520">
      <subfield code="a">Las fallas normales y las zonas de relevo son comunes en contextos extensivos y juegan un papel importante en la distribución de sedimento. Este control está bien estudiado en condiciones subaéreas, pero no es así en condiciones subacuáticas, donde los estudios son escasos. En estos casos, la modelación numérica puede ser una buena herramienta para entender y complementar la sedimentación sintectónica. En esta contribución, se presenta un nuevo modelo numérico (que combina deformación tectónica con sedimentación clástica) para estudiar el relleno sedimentario en una cuenca extensiva y, concretamente, en la zona de relevo entre fallas normales. Para este caso, se han definido diferentes configuraciones variando tres parámetros: (1) estructura; (2) tasa de desplazamiento de las fallas; y (3) localización del área fuente. La comparación entre los diferentes experimentos permite concluir que, la configuración estructural condiciona la sedimentación de los diferentes tipos de sedimento creando asimetrías en la distribución de sedimentos. Aún así, los correspondientes cinturones de facies (sedimento mayoritario) no reflejan esa asimetría y, por lo tanto, la posición de las fallas en profundidad. Además, la dirección de transporte condiciona el patrón de distribución llegando a obtener arquitecturas de depósito complejas con aparentes terminaciones estratigráficas que pueden inducir a errores interpretativos (terminaciones aparentes de estratos) en áreas sin información litológica.</subfield>
   </datafield>
   <datafield tag="653" ind2=" " ind1=" ">
      <subfield code="a">Sedimentació</subfield>
   </datafield>
   <datafield tag="653" ind2=" " ind1=" ">
      <subfield code="a">Sediments marins</subfield>
   </datafield>
   <datafield tag="653" ind2=" " ind1=" ">
      <subfield code="a">Sedimentation and deposition</subfield>
   </datafield>
   <datafield tag="653" ind2=" " ind1=" ">
      <subfield code="a">Marine sediments</subfield>
   </datafield>
   <datafield ind2="0" ind1="0" tag="245">
      <subfield code="a">Modelación numérica de sedimentación subacuática sintectónica: efecto de la presencia de fallas normales y zonas de relevo en la distribución de sedimento.</subfield>
   </datafield>
</record></metadata></record></GetRecord></OAI-PMH>